Warisan kepimpinan

Bibliographic Details
Main Authors: Mahathir bin Mohamad , 1925- (Author), Aziz Zariza Ahmad , 1954- (Author)
Format: Book
Language:Malay
Published: Kuala Lumpur : Firma Malaysia Publishing , 1980
Subjects:

MARC

LEADER 00000cam a2200000 7i4500
001 0000062021
005 20160106093000.0
008 090416 1980 my may
090 0 0 |a DS592   |b M34 1980 
100 0 |a Mahathir bin Mohamad ,   |d 1925- ,   |e author 
245 0 0 |a Warisan kepimpinan   |c Dr. Mahathir Mohamed; diedit oleh Aziz Zariza Ahmad 
260 |a Kuala Lumpur :   |b Firma Malaysia Publishing ,   |c 1980 
300 |a vii, 235 p. ;   |c 20cm. 
651 0 |a Malaysia   |x Economic conditions   |x Addresses, essays, lectures 
651 0 |a Malaysia   |x Politics and government 
700 0 |a Aziz Zariza Ahmad ,   |d 1954- ,   |e author 
999 |a 1000124817   |b Book   |c OPEN SHELF (30 DAYS)   |e Gong Badak Campus